000 00501nam a2200157 i 4500
001 35241
003 ES-MaACL
005 20230906155101.0
007 t|
008 030212s1952 sp ||||1| spa d
100 1 _aBorrell y Soler, Antonio María.
_930595
245 1 3 _aEl contrato de compraventa según el código civil español /
_cAntonio María Borrell y Soler.
260 _aBarcelona :
_bBosch,
_c[1952] (
_fTip. Cataluña)
300 _a312 p. ;
_c23 cm.
852 _aES-MaACL
_jD-8465
_bR.33019
999 _c35241
_d35241